Memoria viva de los exilios / (Record no. 53033)

MARC details
000 -LEADER
campo de control de longitud fija 01203nam a2200349 i 4500
001 - NÚMERO DE CONTROL
campo de control 53033
003 - IDENTIFICADOR DE NÚMERO DE CONTROL
campo de control ES-MaACL
005 - FECHA Y HORA DE LA ÚLTIMA TRANSACCIÓN
campo de control 20260203063031.0
007 - CAMPO FIJO DE DESCRIPCIÓN FÍSICA--INFORMACIÓN GENERAL
campo de control de longitud fija t|
008 - DATOS DE LONGITUD FIJA--INFORMACIÓN GENERAL
campo de control de longitud fija 020522s2001 sp |||| |cspa j
020 ## - NÚMERO INTERNACIONAL ESTÁNDAR DEL LIBRO
Número Internacional Estándar del Libro 84-8198-382-9
080 ## - NÚMERO DE LA CLASIFICACIÓN DECIMAL UNIVERSAL
Número de la Clasificación Decimal Universal 929 Blanco Aguinaga, Carlos
080 ## - NÚMERO DE LA CLASIFICACIÓN DECIMAL UNIVERSAL
Número de la Clasificación Decimal Universal 929 Ballestero, Manuel
080 ## - NÚMERO DE LA CLASIFICACIÓN DECIMAL UNIVERSAL
Número de la Clasificación Decimal Universal 929 Vigre, Julia
080 ## - NÚMERO DE LA CLASIFICACIÓN DECIMAL UNIVERSAL
Número de la Clasificación Decimal Universal 929-054.7(=1.460:100)"19"
100 ## - ENTRADA PRINCIPAL--NOMBRE DE PERSONA
Nombre de persona Blanco Aguinaga, Carlos,
Fechas asociadas al nombre 1926-2013
9 (RLIN) 233594
245 10 - MENCIÓN DEL TÍTULO
Título Memoria viva de los exilios /
Mención de responsabilidad, etc. Carlos Blanco, Manuel Ballesteros [i.e. Ballestero], Julia Vigre.
250 ## - MENCION DE EDICION
Mención de edición 1ª ed.
260 ## - PUBLICACIÓN, DISTRIBUCIÓN, ETC.
Lugar de publicación, distribución, etc. Madrid :
Nombre del editor, distribuidor, etc. Entimema,
Fecha de publicación, distribución, etc. 2001.
300 ## - DESCRIPCIÓN FÍSICA
Extensión 94 p. ;
Dimensiones 20 cm.
490 1# - MENCIÓN DE SERIE
Mención de serie Con-textos de ciencias sociales ;
Designación de volumen o secuencia 6
504 ## - NOTA DE BIBLIOGRAFÍA, ETC.
Nota de bibliografía, etc. Bibliografía.
600 #0 - PUNTO DE ACCESO ADICIONAL DE MATERIA--NOMBRE DE PERSONA
Nombre de persona Blanco Aguinaga, Carlos,
Fechas asociadas al nombre 1926-2013
9 (RLIN) 233594
600 14 - PUNTO DE ACCESO ADICIONAL DE MATERIA--NOMBRE DE PERSONA
Nombre de persona Ballestero, Manuel.
9 (RLIN) 25031
600 14 - PUNTO DE ACCESO ADICIONAL DE MATERIA--NOMBRE DE PERSONA
Nombre de persona Vigre, Julia.
9 (RLIN) 114673
650 14 - PUNTO DE ACCESO ADICIONAL DE MATERIA--TÉRMINO DE MATERIA
Término de materia o nombre geográfico como elemento de entrada Exiliados españoles-
Subdivisión cronológica S.XX.
9 (RLIN) 154411
700 1# - ENTRADA AGREGADA--NOMBRE PERSONAL
Nombre de persona Ballestero, Manuel.
9 (RLIN) 25031
700 1# - ENTRADA AGREGADA--NOMBRE PERSONAL
Nombre de persona Vigre, Julia.
9 (RLIN) 114673
830 0# - PUNTO DE ACCESO ADICIONAL DE SERIE-TÍTULO UNIFORME
Título uniforme Con-textos de ciencias sociales ;
Designación de volumen o secuencia 6
9 (RLIN) 230228
852 ## - LOCALIZACIÓN
Ubicación ES-MaACL
Número de control de estantería L-26510
Nota libre . - Dedicatoria autógrafa de Manuel Ballestero
Holdings
Estatus retirado Estado de pérdida Estado de daño No para préstamo Biblioteca de origen Biblioteca actual Ubicación en estantería Fecha de adquisición Fuente de adquisición Total de préstamos Signatura topográfica completa Código de barras Visto por última vez Precio de reemplazo Tipo de ítem Koha
        Biblioteca del Ateneo de Madrid Biblioteca del Ateneo de Madrid Depósito 2 17/01/2008     L-26510 1055727 23/02/2023 23/02/2023 Libro impreso